000 00544nam a2200229Ia 4500
003 OSt
005 20220924142016.0
006 a|||||r|||| 00| 0
007 ta
008 220923b |||||||| |||| 00| 0 ben d
024 _a300081
037 _cTextual
040 _aARTS
_cARTS
_bben
041 _2ben
_aben
082 _aP157:4k, 157J5
100 _aGhatak D.
_9212789
245 0 _aRatanmala
260 _c1955
650 _aHISTORY
942 _hP157:4k, 157J5
_cTEXL
_2CC
999 _c448979
_d448979